Famous Associates By Profession - Statistics

General Stats
  • This quiz has been taken 35 times
    31 since last reset
  • The average score is 25 of 34
Answer Stats
Profession Associate Answer % Correct
Super Hero Robin Batman
100%
Outlaw Bonnie Clyde
100%
President Elenore Franklin D. Roosevelt
100%
President Marilyn Monroe John F. Kennedy
100%
Detective Dr. Watson Sherlock Holmes
100%
Starship Captain Lieutenant Uhura Captain Kirk
96%
Soccer Player Victoria David Beckham
96%
Hunter Bugs Bunny Elmer Fudd
92%
Comedian Abbott Costello
88%
Tennis Player Venus Serena Williams
88%
Astronaut Woody Buzz Lightyear
84%
Robot R2d2 C-3po
84%
Revolutionary Fidel Castro Ernesto Che Guevara
80%
General Cleopatra Mark Antony
80%
Billionaire Melinda Bill Gates
76%
Assasin JFK Lee Harvey Oswald
72%
Plumber Mario Luigi
72%
Aviator Wilbur Wright Orville Wright
72%
Explorers Meriwether Lewis William Clark
72%
Dancer Ginger Rogers Fred Astair
68%
Civil Rights Activist Coretta Martin Luther King
68%
Emperor Josephine Napoleon
68%
Missionary in Africa Henry Morton Stanley David Livingstone
64%
Singer Paul Simon Garfunkel
64%
Teacher Karate Kid Mr. Miyagi
64%
Magician Penn Jillette Teller
64%
TV Judge Officer Bird Judith Sheindlin
60%
Guitarist Mick Jagger Keith Richards
60%
Prince Princess Grace Prince Rainier
60%
Figure Skater Nancy Kerrigan Tanya Harding
56%
FBI Agent Al Capone Eliot Ness
52%
King Jayne Seymour Henry VIII
44%
Journalist Bob Woodward Carl Bernstein
32%
Band Leader Lucille Ball Ricky Ricardo
28%
No matching quizzes found
Score Distribution
Percent of People with Each Score
Percentile by Number Answered
Your Score History
You have not taken this quiz since the last reset